<?xml version="1.0" encoding="UTF-8"?>
<collection xmlns="http://www.loc.gov/MARC21/slim">
<record>
  <controlfield tag="001">147037</controlfield>
  <controlfield tag="005">20241205091043.0</controlfield>
  <datafield tag="024" ind1="7" ind2=" ">
    <subfield code="2">doi</subfield>
    <subfield code="a">10.29344/07196458.34.3807</subfield>
  </datafield>
  <datafield tag="024" ind1="8" ind2=" ">
    <subfield code="2">sideral</subfield>
    <subfield code="a">140886</subfield>
  </datafield>
  <datafield tag="037" ind1=" " ind2=" ">
    <subfield code="a">ART-2024-140886</subfield>
  </datafield>
  <datafield tag="041" ind1=" " ind2=" ">
    <subfield code="a">spa</subfield>
  </datafield>
  <datafield tag="100" ind1=" " ind2=" ">
    <subfield code="a">Puyuelo Estrada, Alesandra</subfield>
  </datafield>
  <datafield tag="245" ind1=" " ind2=" ">
    <subfield code="a">El tecnopopulismo en España durante la pandemia de COVID-19</subfield>
  </datafield>
  <datafield tag="260" ind1=" " ind2=" ">
    <subfield code="c">2024</subfield>
  </datafield>
  <datafield tag="520" ind1="3" ind2=" ">
    <subfield code="a">Durante la pandemia por COVID-19, las formaciones tecnopopulistas se afirmaron en diversas democracias combinando las apelaciones al conocimiento experto y la voluntad popular como forma de legitimarse ante la ciudadanía. En España, el tecnopopulismo se vio en la gestión de la emergencia sanitaria a través del gobierno de coalición PSOE-Podemos. El objetivo de este artículo es presentar el tecnopopulismo como nueva fórmula política y comprobar de qué manera el tecnopopulismo ha incidido en el sistema de bienestar español durante y después de la pandemia. Para ello se ofrece una revisión de las contribuciones más destacadas y recientes de la sociología y de la ciencia política sobre tecnopopulismo y se ofrece un análisis de la implementación del Ingreso Mínimo Vital (IMV), una de las intervenciones del gobierno español para proteger a los colectivos más expuestos a la crisis económica derivada de la emergencia sanitaria. A través de este artículo se ha podido observar cómo el tecnopopulismo constituye un nuevo modelo de gobernanza en España que busca regenerar la inclusión social y acercar la ciudadanía a una forma de hacer política que atienda sus problemas más urgentes en un contexto de gran complejidad a nivel social e institucional.</subfield>
  </datafield>
  <datafield tag="506" ind1="0" ind2=" ">
    <subfield code="a">Access copy available to the general public</subfield>
    <subfield code="f">Unrestricted</subfield>
  </datafield>
  <datafield tag="540" ind1=" " ind2=" ">
    <subfield code="9">info:eu-repo/semantics/openAccess</subfield>
    <subfield code="a">by-nc-nd</subfield>
    <subfield code="u">http://creativecommons.org/licenses/by-nc-nd/3.0/es/</subfield>
  </datafield>
  <datafield tag="655" ind1=" " ind2="4">
    <subfield code="a">info:eu-repo/semantics/article</subfield>
    <subfield code="v">info:eu-repo/semantics/publishedVersion</subfield>
  </datafield>
  <datafield tag="700" ind1=" " ind2=" ">
    <subfield code="a">Gentile, Alessandro</subfield>
    <subfield code="u">Universidad de Zaragoza</subfield>
    <subfield code="0">(orcid)0000-0003-0387-9113</subfield>
  </datafield>
  <datafield tag="710" ind1="2" ind2=" ">
    <subfield code="1">4009</subfield>
    <subfield code="2">775</subfield>
    <subfield code="a">Universidad de Zaragoza</subfield>
    <subfield code="b">Dpto. Psicología y Sociología</subfield>
    <subfield code="c">Área Sociología</subfield>
  </datafield>
  <datafield tag="773" ind1=" " ind2=" ">
    <subfield code="g">34 (2024), 69-99</subfield>
    <subfield code="t">Revista Temas Sociológicos</subfield>
    <subfield code="x">0719-6458</subfield>
  </datafield>
  <datafield tag="856" ind1="4" ind2=" ">
    <subfield code="s">207214</subfield>
    <subfield code="u">http://zaguan.unizar.es/record/147037/files/texto_completo.pdf</subfield>
    <subfield code="y">Versión publicada</subfield>
  </datafield>
  <datafield tag="856" ind1="4" ind2=" ">
    <subfield code="s">1232246</subfield>
    <subfield code="u">http://zaguan.unizar.es/record/147037/files/texto_completo.jpg?subformat=icon</subfield>
    <subfield code="x">icon</subfield>
    <subfield code="y">Versión publicada</subfield>
  </datafield>
  <datafield tag="909" ind1="C" ind2="O">
    <subfield code="o">oai:zaguan.unizar.es:147037</subfield>
    <subfield code="p">articulos</subfield>
    <subfield code="p">driver</subfield>
  </datafield>
  <datafield tag="951" ind1=" " ind2=" ">
    <subfield code="a">2024-12-05-08:47:03</subfield>
  </datafield>
  <datafield tag="980" ind1=" " ind2=" ">
    <subfield code="a">ARTICLE</subfield>
  </datafield>
</record>
</collection>